000 00525nam a2200121Ia 4500
008 180901s9999 xx 000 0 und d
020 _a9789719804604
100 _aAldaba,Fernando T.
245 _cFernando T. Aldaba, Fortunato L. Cristobal, Mario A. G. Lopez, Ronald U. Mendoza, Carmela D. Ortigas, Mary Racelis.--
_aOvercoming poverty :
_bmulti-disciplinary perspectives principles and practices /
260 _aQuezon City :
_bC & E Publishing
_c2016
300 _axv, 184 pages :
_c26 cm.
650 _aPoverty -- Philippines.
999 _c358524
_d358524